000 00788nam a22002417a 4500
005 20240530110916.0
008 220510s2008 ua g b 000 0 ara d
017 _a2007/21119
_bمصر. دار الكتب
020 _a9773513815
040 _aEG-CaGPL
_cEG-CaGPL
082 0 4 _221
_a273.007/
_bب د
100 0 _aبيومى قنديل
245 1 0 _aدفاع عن تراثنا القبطى /
_cبيومى قنديل
250 _aط.1
260 _aالقاهرة :
_bدار ميريت،
_c2008.
300 _a120 ص. ؛
_c19 سم.
650 0 7 _2qrmak
_aالكنائس
_xتاريخ
650 0 7 _2qrmak
_aالمسيحية
650 0 7 _2qrmak
_aالمسيحية والحرية الدينية
651 _2qrmak
942 _2ddc
_cBK
999 _c66395
_d66395